000 00802nam a2200277Ia 4500
003 OSt
005 20221005032436.0
006 a|||||r|||| 00| 0
007 ta
008 221004b |||||||| |||| 00| 0 eng d
020 _a0226508803
024 _a90771
037 _cTextual
040 _aCRL
_cCRL
_beng
041 _2eng
_aeng
082 _aQ:g, N1.2
100 _aMarty Martin E Ed.
245 0 _aFundamentalisms and society
_b Reclaiming the Sciences, the family and education
260 _aChicago
_bUniversity of Chicago USA
_c1993
300 _ax,592p.
_ccm.
490 _aFundamentalism project
650 _aRELIGION
700 _a Appleby R Scott Ed.
942 _hQ:g, N1.2
_cTEXL
_2cc
999 _c939727
_d939727